Biodegradación de los fondos de los tanques de almacenamiento de crudo liviano
Uloženo v:
| Hlavní autor: | |
|---|---|
| Médium: | Kniha |
| Vydáno: |
San José, C.R.
1996
|
| Témata: | |
| Tagy: |
Přidat tag
Žádné tagy, Buďte první, kdo vytvoří štítek k tomuto záznamu!
|
MARC
| LEADER | 00000nam a2200000Ia 4500 | ||
|---|---|---|---|
| 003 | 008146 | ||
| 005 | 20221231144234.0 | ||
| 008 | 140114s1997 cr a m 000 ||s d | ||
| 040 | |c cru CEDI | ||
| 090 | |a TFG 3613 | ||
| 100 | |a Maroto Hernández, Alexander |9 9627 | ||
| 245 | |a Biodegradación de los fondos de los tanques de almacenamiento de crudo liviano | ||
| 260 | |c 1996 |a San José, C.R. | ||
| 300 | |a ix, 121 hojas : ilustraciones (algunas a color) | ||
| 500 | |a Proyecto de graduación (licenciatura en ingeniería química)--Universidad de Costa Rica. Facultad de Ingeniería. Escuela de Ingeniería Química | ||
| 650 | |x BIODEGRADACION |x RESIDUOS DEL PETROLEO - COSTA RICA |9 9628 | ||
| 942 | |c TFG | ||
| 999 | |c 18894 |d 18894 | ||
